| 000 | 00581nam a22002057a 4500 | ||
|---|---|---|---|
| 003 | OSt | ||
| 005 | 20170301135547.0 | ||
| 008 | http://koha.must.ac.ug:8080/cgi-bin/koha/cataloguing/addbiblio.pl?frameworkcode=BKS# | ||
| 020 | _a0080445063 | ||
| 040 | _cDDC. | ||
| 082 | _a532.05BLA 2005 | ||
| 100 |
_aBlazek,J; _911723 |
||
| 245 | _aComputational Fluid Dynamics:Principles and Applications. | ||
| 250 | _a2nd ed. | ||
| 260 |
_aAmsterdam. _bElsevier; _c2005. |
||
| 300 |
_axix,470p; _bill: _c27cm. |
||
| 504 | _aincludes index. | ||
| 650 |
_aPhysics. _9809 |
||
| 942 |
_2ddc _cN_PAPAER |
||
| 999 |
_c5612 _d5612 |
||